[Event "DVM U14 2014"]
[Site "Regensburg GER"]
[Date "2014.12.30"]
[Round "7"]
[White "Browning, Alex"]
[Black "Fieberg, Samuel"]
[Result "0-1"]
[Termination "normal"]
[Board "1.1"]
[WhiteElo "1753"]
[BlackElo "2064"]
[WhiteClock "00:28:47"]
[BlackClock "00:32:39"]
[WhiteTeam "Märkischer Springer Halver-Schalksmühle"]
[BlackTeam "SG Porz"]
[PlyCount "64"]
[WhiteFideId "12984019"]
[BlackFideId "12901717"]
[EventCountry "GER"]
[EventRounds "7"]
[EventType "team-swiss"]
[EventDate "2014.12.26"]

1. e4 {[%clk 1:30:55]} c5 {[%clk 1:30:57]} 2. Nf3 {[%clk 1:31:18]} d6 {[%clk
1:31:23]} 3. d4 {[%clk 1:31:42]} cxd4 {[%clk 1:31:50]} 4. Nxd4 {[%clk 1:32:00]}
Nf6 {[%clk 1:32:13]} 5. Nc3 {[%clk 1:32:18]} a6 {[%clk 1:32:39]} 6. Bg5 {[%clk
1:32:43]} e6 {[%clk 1:33:05]} 7. f4 {[%clk 1:33:03]} h6 {[%clk 1:33:32]} 8.
Bxf6 {[%clk 1:32:57]} Qxf6 {[%clk 1:31:51]} 9. Qd2 {[%clk 1:31:46]} Nc6 {[%clk
1:31:25]} 10. Nf3 {[%clk 1:30:17]} Qd8 {[%clk 1:30:21]} 11. O-O-O {[%clk
1:29:29]} Be7 {[%clk 1:29:13]} 12. Kb1 {[%clk 1:27:50]} b5 {[%clk 1:29:12]} 13.
Bd3 {[%clk 1:25:25]} Bd7 {[%clk 1:29:31]} 14. e5 {[%clk 1:22:04]} d5 {[%clk
1:23:37]} 15. f5 {[%clk 1:05:11]} Qb6 {[%clk 1:14:56]} 16. Qf4 {[%clk 1:02:19]}
O-O-O {[%clk 1:10:16]} 17. Rhf1 {[%clk 0:56:19]} Kb7 {[%clk 1:09:13]} 18. g4
{[%clk 0:53:10]} Rhf8 {[%clk 0:54:24]} 19. f6 {[%clk 0:47:05]} gxf6 {[%clk
0:52:39]} 20. exf6 {[%clk 0:47:13]} Bb4 {[%clk 0:52:33]} 21. Ne2 {[%clk
0:47:16]} Bc5 {[%clk 0:45:47]} 22. Qxh6 {[%clk 0:45:12]} e5 {[%clk 0:46:06]}
23. Bh7 {[%clk 0:43:18]} e4 {[%clk 0:45:27]} 24. Nfg1 {[%clk 0:39:25]} Bxg4
{[%clk 0:40:09]} 25. Qg5 {[%clk 0:39:07]} Be6 {[%clk 0:37:55]} 26. Nc3 {[%clk
0:35:21]} Be3 {[%clk 0:34:57]} 27. Qg7 {[%clk 0:33:27]} d4 {[%clk 0:32:07]} 28.
Nxe4 {[%clk 0:31:51]} Bxa2+ {[%clk 0:32:26]} 29. Ka1 {[%clk 0:28:36]} Qa5
{[%clk 0:32:37]} 30. b4 {[%clk 0:28:52]} Qa3 {[%clk 0:31:49]} 31. Rd3 {[%clk
0:29:06]} Bb3+ {[%clk 0:32:15]} 32. Kb1 {[%clk 0:28:47]} Qa2# {[%clk 0:32:39]}
0-1

[Event "DVM U14 2014"]
[Site "Regensburg GER"]
[Date "2014.12.30"]
[Round "7"]
[White "Ramien, David"]
[Black "Kölz, Niklas"]
[Result "1/2-1/2"]
[Termination "normal"]
[Board "1.2"]
[WhiteElo "1985"]
[BlackElo "1719"]
[WhiteClock "00:21:51"]
[BlackClock "00:36:35"]
[WhiteTeam "SG Porz"]
[BlackTeam "Märkischer Springer Halver-Schalksmühle"]
[PlyCount "86"]
[WhiteFideId "12948241"]
[BlackFideId "12971758"]
[EventCountry "GER"]
[EventRounds "7"]
[EventType "team-swiss"]
[EventDate "2014.12.26"]

1. e4 {[%clk 1:30:30]} c5 {[%clk 1:30:30]} 2. Nf3 {[%clk 1:30:30]} e6 {[%clk
1:30:30]} 3. c4 {[%clk 1:31:49]} Nc6 {[%clk 1:30:53]} 4. d4 {[%clk 1:32:09]}
cxd4 {[%clk 1:30:49]} 5. Nxd4 {[%clk 1:32:36]} Qb6 {[%clk 1:28:13]} 6. Nb3
{[%clk 1:20:16]} Na5 {[%clk 1:23:48]} 7. Be3 {[%clk 1:15:47]} Qc7 {[%clk
1:23:36]} 8. N1d2 {[%clk 1:15:04]} Nf6 {[%clk 1:21:25]} 9. Bd3 {[%clk 1:12:06]}
Nxb3 {[%clk 1:17:45]} 10. Qxb3 {[%clk 1:08:08]} Bc5 {[%clk 1:15:50]} 11. Bxc5
{[%clk 1:07:58]} Qxc5 12. O-O {[%clk 1:08:11]} O-O {[%clk 1:15:15]} 13. Qc3
{[%clk 1:06:07]} e5 {[%clk 1:12:00]} 14. b4 {[%clk 1:02:23]} Qc7 {[%clk
1:11:52]} 15. c5 {[%clk 1:01:29]} d5 {[%clk 1:10:39]} 16. Qc2 {[%clk 0:59:11]}
d4 {[%clk 1:09:28]} 17. Bc4 {[%clk 0:51:04]} Kh8 {[%clk 1:03:22]} 18. Bd5
{[%clk 0:44:30]} Bg4 {[%clk 0:59:54]} 19. Nc4 {[%clk 0:42:24]} Rad8 {[%clk
0:57:51]} 20. f3 {[%clk 0:40:09]} Bc8 {[%clk 0:56:32]} 21. Qa4 {[%clk 0:38:47]}
Nxd5 {[%clk 0:49:46]} 22. exd5 {[%clk 0:39:08]} Rxd5 {[%clk 0:49:39]} 23. Qxa7
{[%clk 0:39:07]} Rdd8 {[%clk 0:45:17]} 24. Nd6 {[%clk 0:36:31]} Bd7 {[%clk
0:42:20]} 25. Rfc1 {[%clk 0:30:03]} Ra8 {[%clk 0:40:25]} 26. Qxb7 {[%clk
0:29:35]} Qxb7 {[%clk 0:40:39]} 27. Nxb7 {[%clk 0:30:01]} Rab8 {[%clk 0:40:57]}
28. c6 {[%clk 0:30:16]} Bxc6 {[%clk 0:41:14]} 29. Rxc6 {[%clk 0:30:44]} Rxb7
{[%clk 0:41:38]} 30. Rb1 {[%clk 0:30:42]} g6 {[%clk 0:41:00]} 31. b5 {[%clk
0:30:44]} Ra8 {[%clk 0:40:39]} 32. b6 {[%clk 0:29:14]} Ra6 {[%clk 0:37:22]} 33.
Rb2 {[%clk 0:22:04]} Kg7 {[%clk 0:37:19]} 34. Kf2 {[%clk 0:21:51]} Kf8 {[%clk
0:36:35]} 35. g4 Ke8 36. g5 Kd7 37. Rf6 Ke7 38. Ke2 Ra3 39. Rc6 Ra6 40. Kf2 Kf8
41. Rc8+ Ke7 42. Rc7+ Rxc7 43. bxc7 Rc6 1/2-1/2

[Event "DVM U14 2014"]
[Site "Regensburg GER"]
[Date "2014.12.30"]
[Round "7"]
[White "Hardt, Silas"]
[Black "Kagan, Dennis"]
[Result "1-0"]
[Termination "normal"]
[Board "1.3"]
[WhiteElo "1477"]
[BlackElo "1926"]
[WhiteClock "00:34:45"]
[BlackClock "00:35:37"]
[WhiteTeam "Märkischer Springer Halver-Schalksmühle"]
[BlackTeam "SG Porz"]
[PlyCount "47"]
[WhiteFideId "16200667"]
[BlackFideId "12983578"]
[EventCountry "GER"]
[EventRounds "7"]
[EventType "team-swiss"]
[EventDate "2014.12.26"]

1. c4 {[%clk 1:30:58]} e5 {[%clk 1:30:53]} 2. g3 {[%clk 1:31:20]} f5 {[%clk
1:31:03]} 3. Bg2 {[%clk 1:30:35]} Nc6 {[%clk 1:30:44]} 4. e3 {[%clk 1:30:34]}
g6 {[%clk 1:30:26]} 5. Ne2 {[%clk 1:30:34]} Bg7 {[%clk 1:30:46]} 6. Nbc3 {[%clk
1:30:33]} Nf6 {[%clk 1:30:51]} 7. O-O {[%clk 1:30:00]} O-O {[%clk 1:30:53]} 8.
d4 {[%clk 1:29:31]} e4 {[%clk 1:30:04]} 9. b3 {[%clk 1:27:31]} d5 {[%clk
1:25:20]} 10. Nf4 {[%clk 1:24:11]} Ne7 {[%clk 1:24:42]} 11. Ba3 {[%clk
1:23:19]} dxc4 {[%clk 1:22:40]} 12. bxc4 {[%clk 1:21:23]} Re8 {[%clk 1:21:39]}
13. Qb3 {[%clk 1:16:03]} Kh8 {[%clk 1:18:28]} 14. Rac1 {[%clk 1:09:44]} g5
{[%clk 1:15:28]} 15. Nfd5 {[%clk 1:00:32]} Nfxd5 {[%clk 1:13:24]} 16. cxd5
{[%clk 0:55:21]} b6 {[%clk 1:04:55]} 17. d6 {[%clk 0:43:24]} cxd6 {[%clk
1:00:20]} 18. Nb5 {[%clk 0:42:12]} Ba6 {[%clk 0:39:39]} 19. Nxd6 {[%clk
0:39:49]} Rf8 {[%clk 0:39:17]} 20. Nf7+ {[%clk 0:38:07]} Rxf7 {[%clk 0:39:24]}
21. Qxf7 {[%clk 0:38:19]} Bxf1 {[%clk 0:38:07]} 22. Bxe7 {[%clk 0:38:04]} Qd7
{[%clk 0:36:54]} 23. Bxf1 {[%clk 0:34:45]} Re8 {[%clk 0:35:37]} 24. Rc7 1-0

[Event "DVM U14 2014"]
[Site "Regensburg GER"]
[Date "2014.12.30"]
[Round "7"]
[White "Sewald, Kathrin"]
[Black "Browning, Rebecca"]
[Result "1-0"]
[Termination "normal"]
[Board "1.4"]
[WhiteElo "1503"]
[BlackElo "1471"]
[WhiteClock "00:16:58"]
[BlackClock "00:35:01"]
[WhiteTeam "SG Porz"]
[BlackTeam "Märkischer Springer Halver-Schalksmühle"]
[PlyCount "85"]
[WhiteFideId "12964557"]
[BlackFideId "12984027"]
[EventCountry "GER"]
[EventRounds "7"]
[EventType "team-swiss"]
[EventDate "2014.12.26"]

1. e4 {[%clk 1:30:56]} e6 {[%clk 1:30:51]} 2. d4 {[%clk 1:31:23]} b6 {[%clk
1:31:12]} 3. Bd3 {[%clk 1:31:42]} Bb7 {[%clk 1:31:24]} 4. Be3 {[%clk 1:32:00]}
Nf6 {[%clk 1:31:43]} 5. Nd2 {[%clk 1:32:10]} d6 {[%clk 1:31:30]} 6. f4 {[%clk
1:31:50]} Nbd7 {[%clk 1:31:38]} 7. h3 c5 {[%clk 1:27:51]} 8. c3 {[%clk
1:24:39]} Rc8 {[%clk 1:27:31]} 9. Ne2 {[%clk 1:23:33]} d5 {[%clk 1:26:43]} 10.
e5 {[%clk 1:22:35]} Ne4 {[%clk 1:27:03]} 11. Nxe4 {[%clk 1:21:04]} dxe4 {[%clk
1:27:22]} 12. Bb5 {[%clk 1:17:51]} a6 {[%clk 1:27:06]} 13. Bxd7+ {[%clk
1:15:26]} Qxd7 {[%clk 1:27:22]} 14. Qb3 {[%clk 1:14:48]} Qc6 {[%clk 1:25:50]}
15. O-O {[%clk 1:10:30]} c4 {[%clk 1:25:36]} 16. Qc2 {[%clk 1:08:51]} Be7
{[%clk 1:25:55]} 17. f5 {[%clk 1:07:40]} exf5 {[%clk 1:24:29]} 18. Rxf5 {[%clk
1:06:57]} Qg6 {[%clk 1:23:30]} 19. Rff1 {[%clk 1:04:01]} O-O {[%clk 1:23:00]}
20. Nf4 {[%clk 0:57:23]} Qg3 {[%clk 1:15:22]} 21. Rae1 {[%clk 0:52:04]} Bg5
{[%clk 1:08:01]} 22. Bd2 {[%clk 0:37:18]} Bxf4 {[%clk 0:50:01]} 23. Bxf4 {[%clk
0:36:32]} Qd3 {[%clk 0:50:23]} 24. Qf2 {[%clk 0:33:39]} Rc6 {[%clk 0:39:23]}
25. Re3 {[%clk 0:32:37]} Rg6 {[%clk 0:39:34]} 26. Rxd3 {[%clk 0:32:33]} exd3
{[%clk 0:39:45]} 27. g3 {[%clk 0:31:57]} Bc8 {[%clk 0:35:36]} 28. Kh2 {[%clk
0:31:21]} Be6 {[%clk 0:35:28]} 29. Qf3 {[%clk 0:29:01]} Rb8 {[%clk 0:35:05]}
30. d5 {[%clk 0:27:36]} Bc8 {[%clk 0:34:34]} 31. e6 {[%clk 0:25:47]} Rb7 {[%clk
0:34:14]} 32. Bd6 {[%clk 0:25:22]} Rf6 {[%clk 0:34:06]} 33. Qd1 {[%clk
0:20:50]} fxe6 {[%clk 0:34:06]} 34. Rxf6 {[%clk 0:20:18]} gxf6 {[%clk 0:34:23]}
35. Qg4+ {[%clk 0:18:52]} Kf7 {[%clk 0:34:33]} 36. dxe6+ {[%clk 0:18:28]} Bxe6
{[%clk 0:34:52]} 37. Qe4 {[%clk 0:18:49]} Rd7 {[%clk 0:33:51]} 38. Qxh7+ {[%clk
0:18:31]} Ke8 {[%clk 0:34:11]} 39. Qh8+ {[%clk 0:18:42]} Kf7 {[%clk 0:34:33]}
40. Qf8+ {[%clk 0:17:31]} Kg6 {[%clk 0:34:55]} 41. Qe8+ {[%clk 0:17:22]} Kf5
{[%clk 0:35:07]} 42. g4+ {[%clk 0:17:08]} Ke4 {[%clk 0:35:01]} 43. Qxe6+ {[%clk
0:16:58]} 1-0

[Event "DVM U14 2014"]
[Site "Regensburg GER"]
[Date "2014.12.30"]
[Round "7"]
[White "Oberhofer, Cédric"]
[Black "Schnabel, Bennett"]
[Result "1/2-1/2"]
[Termination "normal"]
[Board "2.1"]
[WhiteElo "2066"]
[BlackElo "1841"]
[WhiteClock "00:13:14"]
[BlackClock "00:04:48"]
[WhiteTeam "SC Bavaria Regensburg"]
[BlackTeam "Treptower SV 1949"]
[PlyCount "54"]
[WhiteFideId "12941220"]
[BlackFideId "12943290"]
[EventCountry "GER"]
[EventRounds "7"]
[EventType "team-swiss"]
[EventDate "2014.12.26"]

1. e4 {[%clk 1:30:57]} c5 {[%clk 1:30:51]} 2. Nf3 {[%clk 1:31:23]} g6 {[%clk
1:31:16]} 3. d4 {[%clk 1:31:28]} cxd4 {[%clk 1:31:38]} 4. Nxd4 {[%clk 1:31:17]}
Bg7 {[%clk 1:31:59]} 5. Nc3 {[%clk 1:30:52]} Nc6 {[%clk 1:32:17]} 6. Be3 {[%clk
1:31:16]} Nf6 {[%clk 1:32:36]} 7. Nxc6 {[%clk 1:31:08]} bxc6 {[%clk 1:32:57]}
8. e5 {[%clk 1:30:44]} Nd5 {[%clk 1:33:19]} 9. Nxd5 {[%clk 1:30:04]} cxd5
{[%clk 1:33:47]} 10. Qxd5 {[%clk 1:29:47]} Rb8 {[%clk 1:34:02]} 11. O-O-O
{[%clk 1:28:28]} Bb7 {[%clk 1:34:02]} 12. Qc5 {[%clk 1:28:06]} Rc8 {[%clk
1:31:22]} 13. Qxa7 {[%clk 1:27:19]} Qc7 {[%clk 1:31:22]} 14. c3 {[%clk
1:27:16]} O-O {[%clk 1:13:29]} 15. Rd4 {[%clk 1:15:31]} Rb8 {[%clk 0:37:14]}
16. f4 {[%clk 1:06:50]} d6 {[%clk 0:34:31]} 17. Rb4 {[%clk 0:51:27]} Qc6 {[%clk
0:25:38]} 18. Qa4 {[%clk 0:46:18]} Qd5 {[%clk 0:22:03]} 19. Qb3 {[%clk
0:42:15]} Qc6 {[%clk 0:21:52]} 20. Ba7 {[%clk 0:41:09]} dxe5 {[%clk 0:19:41]}
21. Bxb8 {[%clk 0:40:48]} Rxb8 {[%clk 0:20:05]} 22. Rb6 {[%clk 0:28:32]} Qe4
{[%clk 0:18:08]} 23. Bd3 {[%clk 0:15:08]} Qe3+ {[%clk 0:04:43]} 24. Kc2 {[%clk
0:15:18]} Rd8 {[%clk 0:04:49]} 25. Rxb7 {[%clk 0:13:29]} Qxd3+ {[%clk 0:05:05]}
26. Kc1 {[%clk 0:13:57]} Bh6 {[%clk 0:05:24]} 27. Qc2 {[%clk 0:13:14]} Bxf4+
{[%clk 0:04:48]} 1/2-1/2

[Event "DVM U14 2014"]
[Site "Regensburg GER"]
[Date "2014.12.30"]
[Round "7"]
[White "Hesse, Henrik"]
[Black "Dechant, Georg"]
[Result "0-1"]
[Termination "normal"]
[Board "2.2"]
[WhiteElo "1704"]
[BlackElo "1759"]
[WhiteClock "00:25:35"]
[BlackClock "01:18:33"]
[WhiteTeam "Treptower SV 1949"]
[BlackTeam "SC Bavaria Regensburg"]
[PlyCount "34"]
[WhiteFideId "12952060"]
[BlackFideId "12956716"]
[EventCountry "GER"]
[EventRounds "7"]
[EventType "team-swiss"]
[EventDate "2014.12.26"]

1. c4 {[%clk 1:30:39]} e5 {[%clk 1:30:57]} 2. Nc3 {[%clk 1:30:41]} Nf6 {[%clk
1:31:22]} 3. e3 {[%clk 1:30:49]} d5 {[%clk 1:31:48]} 4. d4 {[%clk 1:30:19]}
exd4 {[%clk 1:32:13]} 5. exd4 {[%clk 1:30:41]} Be6 {[%clk 1:32:38]} 6. c5
{[%clk 1:26:30]} b6 {[%clk 1:32:28]} 7. b4 {[%clk 1:24:00]} a5 {[%clk 1:32:34]}
8. Ba3 {[%clk 1:14:07]} axb4 {[%clk 1:27:20]} 9. Bxb4 {[%clk 1:14:05]} bxc5
{[%clk 1:22:02]} 10. dxc5 {[%clk 1:02:38]} Be7 {[%clk 1:22:11]} 11. Bb5+ {[%clk
0:59:20]} c6 {[%clk 1:21:41]} 12. Bd3 {[%clk 0:58:46]} O-O {[%clk 1:20:58]} 13.
Qc2 {[%clk 0:43:58]} Nbd7 {[%clk 1:20:34]} 14. Nd1 {[%clk 0:42:06]} Qb8 {[%clk
1:19:23]} 15. a3 {[%clk 0:41:32]} Qe5+ {[%clk 1:19:25]} 16. Ne2 {[%clk
0:25:36]} Qxa1 {[%clk 1:19:04]} 17. Nec3 {[%clk 0:25:35]} Bxc5 {[%clk 1:18:33]}
0-1

[Event "DVM U14 2014"]
[Site "Regensburg GER"]
[Date "2014.12.30"]
[Round "7"]
[White "Hüls, Maximilian"]
[Black "Sammet, Dominik"]
[Result "0-1"]
[Termination "normal"]
[Board "2.4"]
[WhiteElo "1622"]
[BlackElo "1551"]
[WhiteClock "00:45:00"]
[BlackClock "00:35:19"]
[WhiteTeam "Treptower SV 1949"]
[BlackTeam "SC Bavaria Regensburg"]
[PlyCount "66"]
[WhiteFideId "12949698"]
[BlackFideId "12987875"]
[EventCountry "GER"]
[EventRounds "7"]
[EventType "team-swiss"]
[EventDate "2014.12.26"]

1. e4 {[%clk 1:30:53]} c5 {[%clk 1:30:43]} 2. c3 {[%clk 1:31:11]} d5 {[%clk
1:30:57]} 3. exd5 {[%clk 1:31:26]} Qxd5 {[%clk 1:31:00]} 4. d4 {[%clk 1:31:26]}
Nf6 {[%clk 1:31:03]} 5. Nf3 {[%clk 1:31:45]} e6 {[%clk 1:30:38]} 6. Bd3 {[%clk
1:31:53]} Be7 {[%clk 1:30:39]} 7. O-O {[%clk 1:28:37]} O-O {[%clk 1:28:25]} 8.
Be3 {[%clk 1:28:40]} Nbd7 {[%clk 1:26:16]} 9. Nbd2 {[%clk 1:28:58]} a6 {[%clk
1:16:08]} 10. a4 {[%clk 1:29:12]} Rd8 {[%clk 1:12:56]} 11. Qe2 {[%clk 1:27:57]}
b6 {[%clk 1:12:03]} 12. Bc4 {[%clk 1:23:03]} Qc6 {[%clk 1:12:19]} 13. Ne5
{[%clk 1:21:47]} Nxe5 {[%clk 1:09:36]} 14. dxe5 {[%clk 1:22:07]} Bb7 {[%clk
1:05:28]} 15. f3 {[%clk 1:20:50]} Nd5 {[%clk 1:05:09]} 16. Ne4 {[%clk 1:03:41]}
Qc7 {[%clk 1:03:03]} 17. f4 {[%clk 1:00:35]} Qc6 {[%clk 0:53:54]} 18. Bxd5
{[%clk 1:00:19]} Qxd5 {[%clk 0:53:41]} 19. Nd2 {[%clk 0:58:47]} Qd3 {[%clk
0:51:26]} 20. Qf2 {[%clk 0:55:49]} Qd5 {[%clk 0:39:34]} 21. Rfd1 {[%clk
0:54:45]} Bh4 {[%clk 0:33:12]} 22. Qe2 {[%clk 0:54:41]} Qd3 {[%clk 0:33:22]}
23. Qxd3 {[%clk 0:49:27]} Rxd3 {[%clk 0:33:46]} 24. Bf2 {[%clk 0:49:48]} Bxf2+
{[%clk 0:33:56]} 25. Kxf2 {[%clk 0:50:11]} Rad8 {[%clk 0:34:20]} 26. Ke2 {[%clk
0:49:41]} Bxg2 {[%clk 0:34:26]} 27. Nc4 {[%clk 0:50:07]} Bf3+ {[%clk 0:34:21]}
28. Ke1 {[%clk 0:49:09]} Rxd1+ {[%clk 0:34:41]} 29. Rxd1 {[%clk 0:49:22]} Rxd1+
{[%clk 0:35:06]} 30. Kf2 {[%clk 0:49:43]} Bc6 {[%clk 0:35:15]} 31. b3 {[%clk
0:48:19]} Rc1 {[%clk 0:35:08]} 32. Nxb6 {[%clk 0:46:53]} Rxc3 {[%clk 0:35:17]}
33. Nc8 {[%clk 0:45:00]} Kf8 {[%clk 0:35:19]} 0-1

[Event "DVM U14 2014"]
[Site "Regensburg GER"]
[Date "2014.12.30"]
[Round "7"]
[White "Laubrock, Paul"]
[Black "Hofmann, Rares"]
[Result "1/2-1/2"]
[Termination "normal"]
[Board "3.1"]
[WhiteElo "1902"]
[BlackElo "2039"]
[WhiteTeam "Hagener SV"]
[BlackTeam "TuS Coswig 1920"]
[PlyCount "62"]
[WhiteFideId "1270509"]
[BlackFideId "12976440"]
[EventCountry "GER"]
[EventRounds "7"]
[EventType "team-swiss"]
[EventDate "2014.12.26"]

1. e4 e5 2. Bc4 Nc6 3. Nc3 Nf6 4. d3 Bc5 5. Na4 Bb6 6. Nxb6 axb6 7. f4 d6 8.
Nf3 Bg4 9. O-O Qd7 10. c3 O-O-O 11. Qa4 Kb8 12. Bb5 Bxf3 13. Rxf3 Rhe8 14. fxe5
Rxe5 15. Bf4 Rxb5 16. Qxb5 Nd4 17. Qxd7 Nxf3+ 18. gxf3 Rxd7 19. Kf2 Nh5 20. Ke3
Nxf4 21. Kxf4 Kc8 22. a4 Kd8 23. a5 bxa5 24. Rxa5 Ke7 25. d4 f6 26. c4 b6 27.
Ra3 Ke6 28. d5+ Kf7 29. Ra8 Re7 30. Ra7 Ke8 31. Ra8+ Kf7 1/2-1/2

[Event "DVM U14 2014"]
[Site "Regensburg GER"]
[Date "2014.12.30"]
[Round "7"]
[White "Kunath, Tim"]
[Black "Balazs, Balint"]
[Result "1-0"]
[Termination "normal"]
[Board "3.2"]
[WhiteElo "1699"]
[BlackElo "1851"]
[WhiteTeam "TuS Coswig 1920"]
[BlackTeam "Hagener SV"]
[PlyCount "53"]
[WhiteFideId "12985074"]
[BlackFideId "12922757"]
[EventCountry "GER"]
[EventRounds "7"]
[EventType "team-swiss"]
[EventDate "2014.12.26"]

1. e4 d5 2. exd5 Qxd5 3. Nc3 Qa5 4. Nf3 Nf6 5. d4 Bg4 6. h3 Bh5 7. g4 Bg6 8.
Ne5 c6 9. h4 Nbd7 10. Nc4 Qc7 11. Qf3 h5 12. Bf4 Qc8 13. g5 Nd5 14. Ne4 Nxf4
15. Qxf4 Nb6 16. Bh3 Qb8 17. Ne5 Bxe4 18. Qxe4 Qc7 19. g6 e6 20. gxf7+ Kd8 21.
Ng6 Rh6 22. Nxf8 Qxf7 23. Nxe6+ Rxe6 24. Qxe6 Qf8 25. O-O-O Kc7 26. Rde1 Nd5
27. c4 1-0

[Event "DVM U14 2014"]
[Site "Regensburg GER"]
[Date "2014.12.30"]
[Round "7"]
[White "Hoppe, Andreas"]
[Black "Lehne, Arwin Hugo"]
[Result "1-0"]
[Termination "normal"]
[Board "3.3"]
[WhiteElo "1758"]
[BlackElo "1454"]
[WhiteTeam "Hagener SV"]
[BlackTeam "TuS Coswig 1920"]
[PlyCount "37"]
[WhiteFideId "12922811"]
[BlackFideId "12985090"]
[EventCountry "GER"]
[EventRounds "7"]
[EventType "team-swiss"]
[EventDate "2014.12.26"]

1. e4 {[%emt 0:00:00]} c5 2. Nf3 Nc6 3. d4 cxd4 4. Nxd4 g6 5. Nc3 Bg7 6. Be3 d6
7. Qd2 Nf6 8. f3 O-O 9. O-O-O Bd7 10. g4 h5 11. gxh5 Nxh5 12. Be2 a6 13. Rhg1
Rc8 14. Rdf1 Qa5 15. f4 Nf6 16. f5 Nxd4 17. Bxd4 gxf5 18. Bxf6 f4 19. Qxf4 1-0

[Event "DVM U14 2014"]
[Site "Regensburg GER"]
[Date "2014.12.30"]
[Round "7"]
[White "von Koslowski, Wilhelm"]
[Black "Buchloh, Falk"]
[Result "0-1"]
[Termination "normal"]
[Board "3.4"]
[WhiteElo "1394"]
[BlackElo "1558"]
[WhiteTeam "TuS Coswig 1920"]
[BlackTeam "Hagener SV"]
[PlyCount "75"]
[WhiteFideId "12985147"]
[BlackFideId "12960691"]
[EventCountry "GER"]
[EventRounds "7"]
[EventType "team-swiss"]
[EventDate "2014.12.26"]

1. e4 e5 2. Nf3 Nc6 3. d4 d6 4. dxe5 dxe5 5. Qxd8+ Kxd8 6. Bb5 f6 7. Bxc6 bxc6
8. Be3 Rb8 9. b3 a5 10. O-O Nh6 11. h3 Nf7 12. Nbd2 Bb4 13. Rfd1 Ke7 14. a3 Bc3
15. Ra2 Rd8 16. Rc1 Nd6 17. Bc5 Ke6 18. Bxd6 cxd6 19. Nb1 Bd4 20. Nxd4+ exd4
21. Rd1 c5 22. Nd2 Ba6 23. Raa1 Rd7 24. a4 Re7 25. Nf1 d3 26. cxd3 Rxb3 27. d4
Kf7 28. dxc5 dxc5 29. Rd5 Re5 30. Nd2 Rc3 31. f3 Rd3 32. Rxe5 fxe5 33. Ra2 c4
34. Rc2 c3 35. Nb1 Rd1+ 36. Kf2 Rxb1 37. Rxc3 Rb2+ 38. Ke3 0-1

[Event "DVM U14 2014"]
[Site "Regensburg GER"]
[Date "2014.12.30"]
[Round "7"]
[White "Wendler, David"]
[Black "Biastoch, Bennet"]
[Result "1/2-1/2"]
[Termination "normal"]
[Board "4.1"]
[WhiteElo "1776"]
[BlackElo "1940"]
[WhiteTeam "SK Bebenhausen"]
[BlackTeam "SG Aufbau Elbe Magdeburg"]
[PlyCount "52"]
[WhiteFideId "12938360"]
[BlackFideId "12939889"]
[EventCountry "GER"]
[EventRounds "7"]
[EventType "team-swiss"]
[EventDate "2014.12.26"]

1. e4 c5 2. c3 Nf6 3. e5 Nd5 4. d4 cxd4 5. Nf3 Nc6 6. Bc4 e6 7. O-O d6 8. cxd4
Be7 9. Qe2 O-O 10. Rd1 Na5 11. Bd3 Nb4 12. Nc3 Nxd3 13. Rxd3 b6 14. b4 Nc6 15.
a3 a6 16. Bf4 f6 17. exd6 Bxd6 18. Bxd6 Qxd6 19. d5 exd5 20. Nxd5 Bf5 21. Rd2
Qb8 22. Qc4 Ne5 23. Nxe5 Qxe5 24. Nxb6+ Be6 25. Qd4 Qxd4 26. Rxd4 Rad8 1/2-1/2

[Event "DVM U14 2014"]
[Site "Regensburg GER"]
[Date "2014.12.30"]
[Round "7"]
[White "Roseneck, Jonas"]
[Black "Grimm, Ling Leander"]
[Result "0-1"]
[Termination "normal"]
[Board "4.2"]
[WhiteElo "1850"]
[BlackElo "1668"]
[WhiteTeam "SG Aufbau Elbe Magdeburg"]
[BlackTeam "SK Bebenhausen"]
[PlyCount "116"]
[WhiteFideId "12939870"]
[BlackFideId "12968277"]
[EventCountry "GER"]
[EventRounds "7"]
[EventType "team-swiss"]
[EventDate "2014.12.26"]

1. e4 c5 2. Nf3 Nc6 3. d4 cxd4 4. Nxd4 g6 5. Nc3 Bg7 6. Be3 Nf6 7. Bc4 O-O 8.
Bb3 a5 9. O-O Nxd4 10. Bxd4 d6 11. Re1 Bd7 12. a4 Bc6 13. Nd5 Nd7 14. Bxg7 Kxg7
15. Qd4+ Kg8 16. c3 Nc5 17. Bc2 e5 18. Qd2 b5 19. axb5 Bxb5 20. b4 Nb7 21. Ba4
Bxa4 22. Rxa4 Qh4 23. Rea1 Kg7 24. Qe3 h5 25. bxa5 Nc5 26. Rb4 Rfb8 27. Rxb8
Rxb8 28. a6 Nxa6 29. g3 Qg4 30. Kg2 Nc5 31. Re1 Rb2 32. h3 Qd7 33. Qf3 Qe6 34.
Qd1 Nb3 35. Qd3 Rd2 36. Qb1 Nc5 37. Qc1 Nxe4 38. Rxe4 Qxd5 39. Kh2 Rxf2+ 40.
Kg1 Rf3 41. Qe1 Qc5+ 42. Kh2 Qf2+ 43. Qxf2 Rxf2+ 44. Kg1 Rf3 45. c4 Rxg3+ 46.
Kh2 Rc3 47. Kg2 g5 48. Re2 Rxc4 49. Kg3 Rc3+ 50. Kg2 f5 51. Rd2 Rc6 52. h4 g4
53. Kf2 f4 54. Kg2 Kf6 55. Kf2 Ke6 56. Kg2 d5 57. Kf2 e4 58. Kg2 Ke5 0-1

[Event "DVM U14 2014"]
[Site "Regensburg GER"]
[Date "2014.12.30"]
[Round "7"]
[White "Freiherr von Hauff, Christopher V"]
[Black "Lellek, Lewin Louis"]
[Result "1-0"]
[Termination "normal"]
[Board "4.3"]
[WhiteElo "1488"]
[BlackElo "1541"]
[WhiteTeam "SK Bebenhausen"]
[BlackTeam "SG Aufbau Elbe Magdeburg"]
[PlyCount "85"]
[WhiteFideId "16200691"]
[BlackFideId "12971820"]
[EventCountry "GER"]
[EventRounds "7"]
[EventType "team-swiss"]
[EventDate "2014.12.26"]

1. e4 e5 2. Nf3 Nc6 3. c3 Nf6 4. d4 exd4 5. e5 Nd5 6. Bc4 Nb6 7. Bb3 d6 8. Ng5
d5 9. cxd4 Be6 10. Nxe6 fxe6 11. Bc2 g6 12. Nc3 Qd7 13. a3 O-O-O 14. O-O Be7
15. b4 g5 16. b5 Na5 17. Bd2 Nac4 18. a4 Bb4 19. Bb3 Ba5 20. Qc2 g4 21. Bg5
Rdf8 22. Bf6 Rhg8 23. Ne4 dxe4 24. Bxc4 Re8 25. Rac1 Nxc4 26. Qxc4 Qd5 27. Qxd5
exd5 28. Rc5 Bb4 29. Rxd5 c6 30. Rc1 Kc7 31. Rc4 Be7 32. Bxe7 Rxe7 33. bxc6
bxc6 34. Rd6 Rg6 35. Rxg6 hxg6 36. Kf1 Rh7 37. d5 Rg7 38. Rxc6+ Kd7 39. e6+ Kd8
40. d6 a5 41. e7+ Ke8 42. Rc8+ Kd7 43. e8=Q+ 1-0